| 000 | 01062cem a22002175a 4500 | ||
|---|---|---|---|
| 001 | L157121 | ||
| 008 | 120904s1837 xxk f 000 0 eng d | ||
| 035 | _a(Sirsi) u157121 | ||
| 041 | 0 | _aeng | |
| 100 | 1 |
_aWalker, John _d1786-1873 |
|
| 245 | 0 | 2 |
_aA geological map of England, Wales, and part of Scotland _bshowing also the inland navigation by means of rivers and canals, with their elevation in feet above the sea, together with the rail roads & principal roads / by J. and C. Walker |
| 260 |
_aLondon _bJ. and C. Walker _c[1837] |
||
| 300 |
_a1 map _bcol., dissected and mounted on linen _c144 x 100 cm. folded to 25 x 16 cm. in slip case, 26 cm. |
||
| 520 | _a"Metalliferous tracts of England and Wales" contributed by Frederick Burr. | ||
| 520 | _aCover title: Walker's Map of the Geology, Railways, and Inland Navigation, of England and Wales, and the Southern Part of Scotland. | ||
| 583 |
_aCondition reviewed _c20120620 _lcondition level |
||
| 651 | 4 |
_aGreat Britain _y1707- |
|
| 690 |
_aGeomatics _96242 |
||
| 700 | 1 | _aWalker, Charles | |
| 942 | _n0 | ||
| 999 |
_c114611 _d114611 |
||